[Event "East European zonal 3 (w)"]
[Site "Balatonfoldvar HUN"]
[Date "1987.??.??"]
[Round "4"]
[White "Richtrova-Klimova, Eliska"]
[Black "Grosch, Maria"]
[Result "1-0"]
[WhiteElo "2320"]
[BlackElo "2220"]
[EventDate "1987.02.19"]
[PlyCount "75"]

1.c4 Nf6 2.Nc3 e6 3.Nf3 d5 4.cxd5 exd5 5.d4 c6 6.Bg5 Be7 7.e3 Bf5 8.Bd3 
Bxd3 9.Qxd3 Nbd7 10.h3 O-O 11.O-O Ne4 12.Bf4 Ndf6 13.Ne5 Nxc3 14.bxc3 Nd7 
15.Nf3 b5 16.e4 Nb6 17.e5 Re8 18.Rfe1 Bf8 19.Ng5 g6 20.Qf3 Qd7 21.h4 h6 
22.Nh3 Be7 23.e6 fxe6 24.Bxh6 Kh7 25.Qf7+ Kxh6 26.Rxe6 Bf6 27.Rxf6 Qxf7 
28.Rxf7 Re4 29.f3 Rxh4 30.Re1 Na4 31.Kh2 Nxc3 32.g4 Rxh3+ 33.Kxh3 Rg8 34.
Re6 Nxa2 35.Rxa7 Nb4 36.Kg3 Rg7 37.Ra8 Kh7 38.f4 1-0

[Event "East European zonal 3 (w)"]
[Site "Balatonfoldvar HUN"]
[Date "1987.??.??"]
[Round "4"]
[White "Erenska-Radzewska, Hanna"]
[Black "Stanciu, Gabriela"]
[Result "1-0"]
[WhiteElo "2300"]
[BlackElo "2245"]
[EventDate "1987.02.19"]
[PlyCount "75"]

1.e4 e5 2.d4 exd4 3.Qxd4 Nc6 4.Qe3 Nf6 5.Bd2 Be7 6.Nc3 O-O 7.O-O-O Re8 8.
Qg3 Bd6 9.Qd3 Be5 10.f3 Nb4 11.Qc4 a5 12.a3 Na6 13.Nh3 c6 14.a4 Nb4 15.Qb3
d5 16.exd5 cxd5 17.Nb5 Na6 18.f4 Nc5 19.Qa3 Bd6 20.Nxd6 Qxd6 21.Bb5 Bd7 
22.Bxd7 Nfxd7 23.Rhe1 Qc6 24.Ng5 b6 25.Nf3 Qxa4 26.Qxa4 Nxa4 27.Be3 Nf6 
28.Bd4 Ne4 29.Ne5 Red8 30.Nc6 Rd7 31.b3 Nac5 32.Bxc5 bxc5 33.Rxe4 Rc7 34.
Ne7+ Kf8 35.Nxd5 Rd7 36.Nb6 Rxd1+ 37.Kxd1 Rd8+ 38.Ke2 1-0

[Event "East European zonal 3 (w)"]
[Site "Balatonfoldvar HUN"]
[Date "1987.??.??"]
[Round "4"]
[White "Voiska, Margarita"]
[Black "Savova, Stefka"]
[Result "1-0"]
[WhiteElo "2305"]
[BlackElo "2245"]
[EventDate "1987.02.19"]
[PlyCount "145"]

1.Nf3 Nf6 2.d4 d6 3.c4 c6 4.Nc3 Nbd7 5.e4 e5 6.Be2 Be7 7.O-O O-O 8.Qc2 Re8
9.Rd1 Qc7 10.Bd2 a6 11.Rac1 b6 12.Qb1 Bb7 13.d5 Rac8 14.Ne1 Qb8 15.Be3 b5 
16.b3 b4 17.Na4 c5 18.g3 Bf8 19.Bf1 g6 20.Bh3 Rcd8 21.f3 Bc8 22.Nd3 a5 23.
Rf1 Bg7 24.Rce1 Qc7 25.Nf2 Re7 26.Qc1 Rf8 27.Re2 Ree8 28.Rfe1 Nb8 29.Bg2 
Nbd7 30.Bh6 Kh8 31.Nb2 Bxh6 32.Qxh6 Ng8 33.Qd2 Kg7 34.Nbd3 Ndf6 35.f4 Ng4 
36.fxe5 Nxe5 37.Nxe5 Rxe5 38.Nd3 Ree8 39.e5 dxe5 40.Rxe5 Rxe5 41.Nxe5 Qd6 
42.Qb2 f6 43.Nd3 Bd7 44.Qf2 Rc8 45.Nf4 a4 46.Bh3 Bxh3 47.Nxh3 axb3 48.axb3
Nh6 49.Re6 Qf8 50.Nf4 Nf5 51.Re4 Qd6 52.Ne6+ Kf7 53.g4 Ng7 54.Re1 Qb6 55.
Nxg7 Kxg7 56.Re7+ Kf8 57.Re6 Qd8 58.Rxf6+ Kg8 59.g5 Qd7 60.Qf3 Ra8 61.Kg2 
Kg7 62.Kg3 Re8 63.d6 Re6 64.Qd5 Rxf6 65.gxf6+ Kxf6 66.Qxc5 h5 67.Qd4+ Kf7 
68.Qf4+ Ke6 69.Qe4+ Kf6 70.Qe7+ Qxe7 71.dxe7 Kxe7 72.Kf4 Kf6 73.h4 1-0

[Event "East European zonal 3 (w)"]
[Site "Balatonfoldvar HUN"]
[Date "1987.??.??"]
[Round "4"]
[White "Angelova, Pavlina"]
[Black "Veroci-Petronic, Zsuzsa"]
[Result "1/2-1/2"]
[WhiteElo "2245"]
[BlackElo "2415"]
[EventDate "1987.02.19"]
[PlyCount "71"]

1.Nf3 Nf6 2.c4 g6 3.g3 Bg7 4.Bg2 d6 5.d4 O-O 6.O-O Nc6 7.Nc3 a6 8.h3 Rb8 
9.e4 b5 10.e5 dxe5 11.dxe5 Qxd1 12.Rxd1 Nd7 13.e6 fxe6 14.cxb5 axb5 15.Bf4
Nde5 16.Nxe5 Nxe5 17.Re1 Nd3 18.Bxc7 Nxe1 19.Rxe1 Bd4 20.Nd1 Bd7 21.Bxb8 
Rxb8 22.Re2 Rc8 23.Rd2 e5 24.Bd5+ Kg7 25.Kg2 Rc5 26.Bf3 b4 27.Ne3 Be6 28.
b3 h5 29.Nc4 Kf6 30.Be4 Bxc4 31.bxc4 Rxc4 32.Re2 Bc3 33.h4 e6 34.Kf3 g5 
35.hxg5+ Kxg5 36.Kg2 1/2-1/2

[Event "East European zonal 3 (w)"]
[Site "Balatonfoldvar HUN"]
[Date "1987.??.??"]
[Round "4"]
[White "Wiese-Jozwiak, Malgorzata"]
[Black "Jicman, Ligia-Letitia"]
[Result "1-0"]
[WhiteElo "2290"]
[BlackElo "2220"]
[EventDate "1987.02.19"]
[PlyCount "173"]

1.e4 c5 2.Nf3 d6 3.d4 Nf6 4.Nc3 cxd4 5.Nxd4 e6 6.g4 h6 7.h4 Nc6 8.g5 hxg5 
9.Bxg5 Qb6 10.Nb3 Bd7 11.Qd2 Ne5 12.Be2 a6 13.O-O-O Rc8 14.f4 Nc4 15.Bxc4 
Rxc4 16.Rhe1 Qc7 17.e5 dxe5 18.fxe5 Ng4 19.Re4 Rxe4 20.Nxe4 Nxe5 21.Qe3 f6
22.Bf4 Rxh4 23.Bg3 Rg4 24.Nbc5 Bxc5 25.Nxc5 Rxg3 26.Qxg3 Qxc5 27.Qxg7 Qf8 
28.Qh7 Kd8 29.Qe4 Kc8 30.Qd4 Qg7 31.Rg1 Qh7 32.Qd6 Qf7 33.b3 Bc6 34.Rd1 
Nd7 35.Rd2 e5 36.Rh2 Qf8 37.Qxf8+ Nxf8 38.Rh8 Kd7 39.Rxf8 Ke7 40.Rh8 f5 
41.Rh6 f4 42.Kd2 e4 43.Ke2 Kf7 44.Rh4 f3+ 45.Ke3 Kg6 46.c4 Kf6 47.b4 Ke6 
48.Rh6+ Kd7 49.Rh5 b6 50.Rh7+ Kc8 51.Rf7 Bb7 52.a4 Kb8 53.b5 axb5 54.axb5 
Ba8 55.Rf8+ Ka7 56.Kd4 Bb7 57.Rh8 Ba8 58.Ke3 Bb7 59.Re8 Ba8 60.Re6 Bb7 61.
Rf6 Ba8 62.Rf7+ Kb8 63.Kd4 Bb7 64.Re7 Ka7 65.Re8 Ba8 66.Rd8 Bb7 67.Rf8 Ba8
68.c5 bxc5+ 69.Kxc5 Bb7 70.Rd8 Ba8 71.b6+ Kb7 72.Rf8 e3 73.Rxf3 e2 74.Re3 
Kb8 75.Rxe2 Bf3 76.Rf2 Be4 77.Rf7 Kc8 78.Rf4 Bg2 79.Kb5 Bd5 80.Rf8+ Kb7 
81.Kc5 Be4 82.Re8 Bg2 83.Re7+ Kb8 84.b7 Ka7 85.Kd6 Kb8 86.Re2 Bf3 87.Rb2 
1-0

[Event "East European zonal 3 (w)"]
[Site "Balatonfoldvar HUN"]
[Date "1987.??.??"]
[Round "5"]
[White "Ciprianova-Kubikova, Hana"]
[Black "Angelova, Pavlina"]
[Result "1-0"]
[WhiteElo "2145"]
[BlackElo "2245"]
[EventDate "1987.02.19"]
[PlyCount "55"]

1.d4 Nf6 2.c4 g6 3.Nc3 d5 4.Bf4 Bg7 5.Rc1 O-O 6.e3 c6 7.Nf3 Ne4 8.cxd5 
Nxc3 9.Rxc3 Qxd5 10.Bc4 Qa5 11.O-O c5 12.Ne5 cxd4 13.Bxf7+ Kh8 14.exd4 Nc6
15.Rc5 Qd8 16.Nxg6+ hxg6 17.Rh5+ Bh6 18.Rxh6+ Kg7 19.Rxg6+ Kxf7 20.Qh5 Ke8
21.Rd6+ Rf7 22.Rxd8+ Nxd8 23.d5 Bf5 24.Rc1 a5 25.Rc7 Ra6 26.d6 Nc6 27.g4 
Be6 28.Qg6 1-0

[Event "East European zonal 3 (w)"]
[Site "Balatonfoldvar HUN"]
[Date "1987.??.??"]
[Round "5"]
[White "Savova, Stefka"]
[Black "Ivanka, Maria"]
[Result "1/2-1/2"]
[WhiteElo "2245"]
[BlackElo "2290"]
[EventDate "1987.02.19"]
[PlyCount "105"]

1.Nf3 c5 2.e4 e6 3.d3 Nc6 4.g3 d5 5.Nbd2 Bd6 6.Bg2 Nge7 7.O-O O-O 8.Re1 
Qc7 9.c3 Bd7 10.Qe2 f6 11.a3 b5 12.Bh3 Rfe8 13.Nf1 a5 14.Ne3 d4 15.cxd4 
cxd4 16.Ng2 e5 17.Bxd7 Qxd7 18.Rf1 a4 19.Nd2 Na5 20.Qd1 Qe6 21.f4 Rec8 22.
f5 Qf7 23.g4 Rc7 24.Kh1 Rac8 25.Rg1 h6 26.Nh4 Kf8 27.Nhf3 Nec6 28.Nh4 Ke8 
29.Rf1 Nd8 30.Nhf3 Ndb7 31.Qe2 Nc5 32.Rb1 Ncb3 33.Nxb3 Nxb3 34.Bd2 Rc2 35.
Qd1 Nxd2 36.Nxd2 Qa2 37.Nc4 R8xc4 38.dxc4 Rxc4 39.Qd3 Ke7 40.h3 Kd7 41.
Rfd1 Kc6 42.Rd2 Qb3 43.Qxb3 axb3 44.Rd3 Rc2 45.Rxb3 Re2 46.Rc1+ Bc5 47.a4 
bxa4 48.Rb8 d3 49.Rc8+ Kb6 50.R1xc5 d2 51.R8c6+ Kb7 52.Rc7+ Kb6 53.R7c6+ 
1/2-1/2

[Event "East European zonal 3 (w)"]
[Site "Balatonfoldvar HUN"]
[Date "1987.??.??"]
[Round "5"]
[White "Jicman, Ligia-Letitia"]
[Black "Erenska-Radzewska, Hanna"]
[Result "1-0"]
[WhiteElo "2220"]
[BlackElo "2300"]
[EventDate "1987.02.19"]
[PlyCount "77"]

1.e4 c5 2.c3 e6 3.Nf3 d5 4.exd5 exd5 5.d4 Nc6 6.Bb5 Bd6 7.Be3 c4 8.b3 cxb3
9.axb3 Ne7 10.O-O O-O 11.Re1 Bg4 12.Nbd2 h6 13.Nf1 Nf5 14.Bd3 Qf6 15.h3 
Nxe3 16.Nxe3 Be6 17.Bc2 g6 18.Nh2 h5 19.Qf3 Bxh2+ 20.Kxh2 Qxf3 21.gxf3 a6 
22.f4 Ne7 23.f5 gxf5 24.Rg1+ Kh7 25.Rg5 f6 26.Rxh5+ Kg6 27.Rh4 Rh8 28.Rxh8
Rxh8 29.Ra5 Kf7 30.f4 Ke8 31.c4 Nc6 32.cxd5 Nxa5 33.dxe6 Ke7 34.d5 Kd6 35.
b4 Nc4 36.Nxc4+ Kxd5 37.Bb3 Kxe6 38.Ne5+ Kd6 39.Nf7+ 1-0

[Event "East European zonal 3 (w)"]
[Site "Balatonfoldvar HUN"]
[Date "1987.??.??"]
[Round "5"]
[White "Veroci-Petronic, Zsuzsa"]
[Black "Richtrova-Klimova, Eliska"]
[Result "1-0"]
[WhiteElo "2415"]
[BlackElo "2320"]
[EventDate "1987.02.19"]
[PlyCount "81"]

1.e4 e5 2.Nf3 Nc6 3.Bb5 a6 4.Ba4 Nf6 5.O-O Be7 6.Re1 b5 7.Bb3 O-O 8.d4 d6 
9.c3 Bg4 10.Be3 exd4 11.cxd4 Na5 12.Bc2 c5 13.dxc5 dxc5 14.Nbd2 Nc6 15.h3 
Bh5 16.Rc1 Nd7 17.g4 Bg6 18.Nf1 Bf6 19.Bb1 Bxb2 20.Rc2 Ba3 21.Rd2 Ra7 22.
Rd6 Qc8 23.Qd5 Rc7 24.Rd1 Nf6 25.Rxf6 gxf6 26.Qb3 Bb4 27.Qb2 Rd8 28.Qxf6 
Rxd1 29.Bh6 Qf8 30.Bxf8 Kxf8 31.Bc2 Rdd7 32.Ne3 Nd4 33.Ne5 Bc3 34.Nxd7+ 
Rxd7 35.Qh8+ Ke7 36.Qe5+ Kd8 37.Qb8+ Ke7 38.Qe5+ Kd8 39.Qxc5 b4 40.Qf8+ 
Kc7 41.Ba4 1-0

[Event "East European zonal 3 (w)"]
[Site "Balatonfoldvar HUN"]
[Date "1987.??.??"]
[Round "5"]
[White "Muresan, Margareta"]
[Black "Voiska, Margarita"]
[Result "1/2-1/2"]
[WhiteElo "2310"]
[BlackElo "2305"]
[EventDate "1987.02.19"]
[PlyCount "70"]

1.Nf3 Nf6 2.c4 g6 3.Nc3 Bg7 4.d4 O-O 5.e4 c6 6.Be2 d5 7.e5 Ne4 8.O-O Bg4 
9.cxd5 Nxc3 10.bxc3 cxd5 11.Qb3 Qd7 12.h3 Bxf3 13.Bxf3 e6 14.Rb1 b6 15.c4 
Nc6 16.Be3 Na5 17.Qb5 Qxb5 18.cxb5 Rfc8 19.Rfc1 Bf8 20.Rxc8 Rxc8 21.Rc1 
Rxc1+ 22.Bxc1 Bb4 23.Be2 Bc3 24.Be3 Kg7 25.Kf1 Nb7 26.Bd3 Bb4 27.Ke2 f6 
28.f4 f5 29.Bf2 Be7 30.Be1 Kf7 31.Kd1 Kg7 32.Be2 Kh6 33.g4 Nd8 34.Bf3 Nb7 
35.Kc2 Nd8 1/2-1/2

[Event "East European zonal 3 (w)"]
[Site "Balatonfoldvar HUN"]
[Date "1987.??.??"]
[Round "5"]
[White "Grosch, Maria"]
[Black "Wiese-Jozwiak, Malgorzata"]
[Result "0-1"]
[WhiteElo "2220"]
[BlackElo "2290"]
[EventDate "1987.02.19"]
[PlyCount "48"]

1.d4 Nf6 2.Nf3 e6 3.g3 b5 4.Bg2 Bb7 5.O-O c5 6.c3 Be7 7.Nbd2 O-O 8.dxc5 
Bxc5 9.Nb3 Be7 10.Qd3 b4 11.cxb4 Bxb4 12.Bg5 Ba6 13.Qc2 Nc6 14.a3 Be7 15.
Bxf6 gxf6 16.Rfd1 Qb6 17.Rxd7 Rab8 18.Nfd2 Rfc8 19.Qe4 f5 20.Qf4 Bf6 21.
Ne4 Bg7 22.Nd6 Ne5 23.Nxc8 Rxc8 24.Qb4 Nxd7 0-1

[Event "East European zonal 3 (w)"]
[Site "Balatonfoldvar HUN"]
[Date "1987.??.??"]
[Round "5"]
[White "Baumstark, Gertrude"]
[Black "Szmacinska, Grazyna"]
[Result "1-0"]
[WhiteElo "2080"]
[BlackElo "2315"]
[EventDate "1987.02.19"]
[PlyCount "95"]

1.e4 e5 2.Nf3 Nc6 3.Bb5 a6 4.Ba4 Nf6 5.O-O Be7 6.Re1 b5 7.Bb3 O-O 8.a4 Bb7
9.d3 d6 10.Bd2 Nd4 11.Nxd4 exd4 12.c3 dxc3 13.Nxc3 b4 14.Ne2 c5 15.Ng3 Bc8
16.d4 cxd4 17.Bxb4 Rb8 18.Ba3 Ng4 19.Bd5 Bf6 20.h3 Nh6 21.Nh5 Kh8 22.Nxf6 
Qxf6 23.e5 Qd8 24.Bxd6 Nf5 25.Bxb8 Qxd5 26.Bd6 Nh4 27.f3 Re8 28.Re4 Nf5 
29.Rc1 Ng3 30.Rc5 Qb7 31.Rxd4 Qxb2 32.Rd2 Qb6 33.Kh2 Nf5 34.a5 Qa7 35.Rc3 
Be6 36.Bc7 h6 37.Rd8 Rxd8 38.Qxd8+ Kh7 39.Bb6 Qb7 40.Rc7 Qd5 41.Qxd5 Bxd5 
42.Ra7 Bc4 43.g4 Nh4 44.Kg3 g5 45.e6 Bxe6 46.Rxa6 f5 47.f4 fxg4 48.hxg4 
1-0

[Event "East European zonal 3 (w)"]
[Site "Balatonfoldvar HUN"]
[Date "1987.??.??"]
[Round "5"]
[White "Madl, Ildiko"]
[Black "Porubszky, Maria"]
[Result "0-1"]
[WhiteElo "2350"]
[BlackElo "2240"]
[EventDate "1987.02.19"]
[PlyCount "96"]

1.e4 c5 2.Nf3 d6 3.c3 Nf6 4.h3 Nc6 5.Bd3 g6 6.Bc2 Bg7 7.O-O O-O 8.d4 cxd4 
9.cxd4 d5 10.e5 Ne4 11.Nc3 Nxc3 12.bxc3 Na5 13.Nd2 b6 14.Bd3 Qc7 15.Bb2 
Bb7 16.Qe2 Rac8 17.f4 Nc4 18.Bxc4 dxc4 19.Ba3 Bd5 20.Rf2 Qd7 21.Nf1 Rfe8 
22.Re1 f5 23.Ne3 Be4 24.Rd1 Qa4 25.Qb2 e6 26.Kh2 h5 27.Bd6 Kf7 28.Qe2 Qc6 
29.Qd2 Bd3 30.Re1 Be4 31.Qb2 Qa4 32.Rd2 Bh6 33.g3 h4 34.d5 hxg3+ 35.Kxg3 
g5 36.fxg5 Bxg5 37.Rf2 Rg8 38.Ng4 Bxd5 39.Kh2 Rg6 40.Qb1 Kg7 41.Nf6 Bh4 
42.Nxd5 Bxf2 43.Ne7 Bxe1 44.Nxg6 Kxg6 45.Qxe1 Qxa2+ 46.Kh1 Rh8 47.Qe3 Qb1+
48.Kh2 Qd3 0-1

[Event "East European zonal 3 (w)"]
[Site "Balatonfoldvar HUN"]
[Date "1987.??.??"]
[Round "6"]
[White "Voiska, Margarita"]
[Black "Baumstark, Gertrude"]
[Result "1/2-1/2"]
[WhiteElo "2305"]
[BlackElo "2080"]
[EventDate "1987.02.19"]
[PlyCount "41"]

1.Nf3 c5 2.g3 Nc6 3.Bg2 g6 4.O-O Bg7 5.c3 e5 6.e4 Nge7 7.d3 O-O 8.Nbd2 d5 
9.exd5 Nxd5 10.Nb3 b6 11.Nfd2 Be6 12.Re1 h6 13.a4 a5 14.Nc4 Qc7 15.Nbd2 
Rfd8 16.Qe2 Nde7 17.Ne3 Qd7 18.Ndc4 Rab8 19.Rd1 Nf5 20.Nxf5 Bxf5 21.Ne3 
1/2-1/2

[Event "East European zonal 3 (w)"]
[Site "Balatonfoldvar HUN"]
[Date "1987.??.??"]
[Round "6"]
[White "Angelova, Pavlina"]
[Black "Madl, Ildiko"]
[Result "0-1"]
[WhiteElo "2245"]
[BlackElo "2350"]
[EventDate "1987.02.19"]
[PlyCount "106"]

1.Nf3 Nf6 2.d4 e6 3.c4 Bb4+ 4.Bd2 Qe7 5.g3 Nc6 6.Nc3 Bxc3 7.Bxc3 Ne4 8.Rc1
O-O 9.Bg2 d6 10.O-O a5 11.a3 a4 12.d5 Nxc3 13.Rxc3 Nd8 14.Qc2 Ra5 15.Nd4 
e5 16.Re3 Qd7 17.Nb5 b6 18.f4 f6 19.fxe5 dxe5 20.g4 Qe7 21.d6 cxd6 22.Bd5+
Be6 23.Qe4 Nf7 24.Bxe6 Qxe6 25.Nc7 Qd7 26.Nd5 Ng5 27.Qg2 Rc5 28.h4 Ne6 29.
Qe4 Qd8 30.Rg3 Nd4 31.Rc3 Kh8 32.Kh2 Qa8 33.e3 Nb3 34.Qc2 b5 35.Rd1 bxc4 
36.Nb6 Qc6 37.Nxc4 d5 38.Nd2 Rxc3 39.bxc3 Nc5 40.Rb1 Qa6 41.c4 d4 42.Rb5 
Qd6 43.e4 g6 44.Kh3 f5 45.gxf5 gxf5 46.exf5 d3 47.Qb2 Rxf5 48.Rb4 Qe6 49.
Kh2 Rf2+ 50.Kg1 Re2 51.Rb8+ Kg7 52.Rb7+ Nxb7 53.Qxb7+ Qf7 0-1

[Event "East European zonal 3 (w)"]
[Site "Balatonfoldvar HUN"]
[Date "1987.??.??"]
[Round "6"]
[White "Stanciu, Gabriela"]
[Black "Jicman, Ligia-Letitia"]
[Result "1-0"]
[WhiteElo "2245"]
[BlackElo "2220"]
[EventDate "1987.02.19"]
[PlyCount "93"]

1.d4 Nf6 2.c4 e6 3.Nc3 Bb4 4.Qc2 c5 5.dxc5 Na6 6.a3 Bxc3+ 7.Qxc3 Nxc5 8.f3
d5 9.cxd5 Qxd5 10.e4 Qh5 11.Be3 Ncd7 12.Bc4 O-O 13.Ne2 Qe5 14.Bd4 Qg5 15.
O-O b6 16.e5 Ne8 17.f4 Qe7 18.g4 Bb7 19.f5 Rc8 20.fxe6 fxe6 21.Rxf8+ Nxf8 
22.Qb3 Qd7 23.Bb5 Qd8 24.Rf1 Nc7 25.Bc4 Nd5 26.Qf3 Qe7 27.Bd3 Nb4 28.Be4 
Bxe4 29.Qxe4 Nd5 30.Nc3 Nxc3 31.Bxc3 Ng6 32.Kh1 Rf8 33.Rxf8+ Qxf8 34.Kg1 
Qc5+ 35.Kg2 Nh4+ 36.Kh3 Qg1 37.Qa8+ Kf7 38.Qb7+ Kg6 39.Qe4+ Kf7 40.Qf4+ 
Kg8 41.Kxh4 h6 42.Kh3 g5 43.Qf3 Kg7 44.Bb4 Kh7 45.Bf8 Kg8 46.Be7 Qd4 47.
Qf8+ 1-0

[Event "East European zonal 3 (w)"]
[Site "Balatonfoldvar HUN"]
[Date "1987.??.??"]
[Round "6"]
[White "Richtrova-Klimova, Eliska"]
[Black "Ciprianova-Kubikova, Hana"]
[Result "1-0"]
[WhiteElo "2320"]
[BlackElo "2145"]
[EventDate "1987.02.19"]
[PlyCount "69"]

1.c4 Nf6 2.Nc3 d6 3.d4 g6 4.e4 Bg7 5.Be2 O-O 6.Bg5 c6 7.Qd2 Nbd7 8.Nf3 e5 
9.Rd1 Qc7 10.O-O a5 11.Rfe1 Re8 12.Bf1 Nf8 13.d5 c5 14.h3 Nh5 15.g4 Nf6 
16.Nh2 N6d7 17.Nb5 Qb6 18.Be3 f6 19.h4 f5 20.gxf5 gxf5 21.exf5 Nf6 22.Bh3 
Ng6 23.Bh6 Re7 24.Nf3 e4 25.Kh2 Qd8 26.h5 exf3 27.hxg6 hxg6 28.Rxe7 Qxe7 
29.Re1 Ne4 30.Bxg7 Bxf5 31.Rxe4 Bxe4 32.Bc3 Qh4 33.Nxd6 Rd8 34.Nxe4 Qxe4 
35.Qh6 1-0

[Event "East European zonal 3 (w)"]
[Site "Balatonfoldvar HUN"]
[Date "1987.??.??"]
[Round "6"]
[White "Porubszky, Maria"]
[Black "Savova, Stefka"]
[Result "0-1"]
[WhiteElo "2240"]
[BlackElo "2245"]
[EventDate "1987.02.19"]
[PlyCount "122"]

1.Nf3 Nf6 2.b3 d6 3.d4 c6 4.Bb2 g6 5.e3 Bg7 6.Be2 O-O 7.O-O Nbd7 8.c4 Ne4 
9.Nc3 Ndf6 10.Nxe4 Nxe4 11.Qc2 d5 12.Bd3 Nd6 13.c5 Ne8 14.b4 a6 15.a4 Nc7 
16.Bc3 Bd7 17.Qb2 e6 18.Rab1 Qe7 19.Rfe1 f5 20.Qe2 Bf6 21.Ne5 Bxe5 22.dxe5
Qf7 23.f4 Qe7 24.Rf1 Rf7 25.Kh1 Rg7 26.g4 Rf8 27.gxf5 gxf5 28.Rg1 Rf7 29.
Qf2 Be8 30.Bd4 Rxg1+ 31.Rxg1+ Rg7 32.Be2 Rxg1+ 33.Qxg1+ Qg7 34.Qf2 Qh6 35.
Qg3+ Kf8 36.Kg2 Bh5 37.Bf3 Bxf3+ 38.Qxf3 Qg6+ 39.Qg3 Qh5 40.Qf3 Qg6+ 41.
Qg3 Kf7 42.Qxg6+ Kxg6 43.Kh3 Kh5 44.Bc3 a5 45.bxa5 Na6 46.Bd4 Nb4 47.Kg3 
Nd3 48.Kh3 Nf2+ 49.Kg3 Ne4+ 50.Kh3 h6 51.a6 bxa6 52.a5 Nd2 53.Bc3 Nc4 54.
Kg3 Nxe3 55.Kf3 Nc2 56.Kg3 d4 57.Bd2 Ne3 58.Be1 d3 59.Kf3 Nf1 60.Bc3 Nxh2+
61.Ke3 Kg4 0-1

[Event "East European zonal 3 (w)"]
[Site "Balatonfoldvar HUN"]
[Date "1987.??.??"]
[Round "6"]
[White "Wiese-Jozwiak, Malgorzata"]
[Black "Veroci-Petronic, Zsuzsa"]
[Result "0-1"]
[WhiteElo "2290"]
[BlackElo "2415"]
[EventDate "1987.02.19"]
[PlyCount "140"]

1.e4 e5 2.Nf3 Nc6 3.d4 exd4 4.Nxd4 Bc5 5.Nb3 Bb6 6.Nc3 d6 7.Qe2 Nd4 8.Qd3 
Nxb3 9.axb3 Nf6 10.Be2 O-O 11.O-O Bg4 12.Bxg4 Nxg4 13.Qg3 Ne5 14.Nd5 Ng6 
15.Be3 Bxe3 16.Qxe3 a6 17.f4 f6 18.Rad1 Qd7 19.Rf3 Rae8 20.f5 Ne7 21.Qd4 
Nc6 22.Qe3 Re5 23.Nf4 Rfe8 24.Qd3 Rxe4 25.Qd5+ Qf7 26.Ne6 Re5 27.Qc4 R5xe6
28.fxe6 Rxe6 29.Rc3 Re5 30.Qxf7+ Kxf7 31.Kf2 Re7 32.Re1 Ne5 33.h3 d5 34.b4
c6 35.Rce3 Rd7 36.Rxe5 fxe5 37.Rxe5 Re7 38.Rh5 Re4 39.c3 h6 40.Rf5+ Ke7 
41.Rf3 b6 42.Rd3 Ke6 43.Rd1 a5 44.bxa5 bxa5 45.Ra1 a4 46.b3 axb3 47.Rb1 
Ra4 48.Rxb3 Ra2+ 49.Kf3 Rc2 50.g3 Ke5 51.Kg4 g6 52.h4 Re2 53.Rb8 Re4+ 54.
Kh3 Rc4 55.Re8+ Kf6 56.Rf8+ Ke7 57.Rf3 h5 58.Kg2 Ke6 59.Kf2 c5 60.Ke2 Re4+
61.Kd2 Ke5 62.Rf8 Rg4 63.Rf3 Ra4 64.Rf8 Ra2+ 65.Kd3 Rg2 66.Re8+ Kf5 67.
Rf8+ Kg4 68.Rd8 Rxg3+ 69.Kd2 Kxh4 70.Rxd5 Rg5 0-1

[Event "East European zonal 3 (w)"]
[Site "Balatonfoldvar HUN"]
[Date "1987.??.??"]
[Round "6"]
[White "Ivanka, Maria"]
[Black "Muresan, Margareta"]
[Result "1/2-1/2"]
[WhiteElo "2290"]
[BlackElo "2310"]
[EventDate "1987.02.19"]
[PlyCount "25"]

1.c4 c5 2.Nc3 Nf6 3.g3 e6 4.Bg2 d5 5.Nf3 d4 6.Nb5 Nc6 7.d3 a6 8.Na3 Bd6 9.
O-O O-O 10.Bd2 e5 11.Nc2 Rb8 12.e3 Bg4 13.h3 1/2-1/2

[Event "East European zonal 3 (w)"]
[Site "Balatonfoldvar HUN"]
[Date "1987.??.??"]
[Round "7"]
[White "Szmacinska, Grazyna"]
[Black "Voiska, Margarita"]
[Result "1-0"]
[WhiteElo "2315"]
[BlackElo "2305"]
[EventDate "1987.02.19"]
[PlyCount "101"]

1.d4 Nf6 2.c4 c5 3.e3 g6 4.Nc3 Bg7 5.Nf3 O-O 6.Be2 cxd4 7.exd4 d5 8.O-O 
Nc6 9.h3 dxc4 10.Bxc4 Bf5 11.Be3 Na5 12.Be2 Nd5 13.Rc1 Rc8 14.Nxd5 Qxd5 
15.b3 Rxc1 16.Qxc1 Nc6 17.Bc4 Qa5 18.d5 Ne5 19.Nxe5 Bxe5 20.a4 a6 21.Bd2 
Qc5 22.Qe1 Bf6 23.a5 Qd4 24.Be3 Qc3 25.Bc5 Qxe1 26.Rxe1 Re8 27.b4 Bd7 28.
f3 e6 29.dxe6 fxe6 30.Rd1 Bc8 31.Bb6 Be7 32.b5 Bf8 33.bxa6 bxa6 34.Re1 Kf7
35.Bb3 Bd6 36.Rc1 Bg3 37.Bf2 Bf4 38.Rc6 Rd8 39.g3 Bb8 40.Bc4 Rd1+ 41.Kg2 
Bd7 42.Rxa6 Rc1 43.Bd3 Bc6 44.Be4 Bb5 45.Ra8 Bf1+ 46.Kh2 Be5 47.a6 Ra1 48.
a7 Ra2 49.Kg1 Bxh3 50.Rb8 Bxg3 51.Rb7+ 1-0

[Event "East European zonal 3 (w)"]
[Site "Balatonfoldvar HUN"]
[Date "1987.??.??"]
[Round "7"]
[White "Madl, Ildiko"]
[Black "Richtrova-Klimova, Eliska"]
[Result "1/2-1/2"]
[WhiteElo "2350"]
[BlackElo "2320"]
[EventDate "1987.02.19"]
[PlyCount "94"]

1.Nf3 Nf6 2.d4 d5 3.e3 Bf5 4.Bd3 Bxd3 5.Qxd3 c6 6.O-O e6 7.b3 Nbd7 8.Bb2 
Ne4 9.Ne5 f6 10.Nxd7 Qxd7 11.f3 Ng5 12.e4 Bd6 13.Nd2 O-O 14.Kh1 f5 15.Rae1
Qf7 16.e5 Be7 17.Bc1 Qh5 18.Nb1 h6 19.a3 Nh7 20.f4 g5 21.Nc3 Rf7 22.Ne2 
Nf8 23.Rg1 Rg7 24.g4 fxg4 25.f5 exf5 26.Ng3 Qh3 27.Nxf5 Qxd3 28.cxd3 Rh7 
29.Rxg4 Ne6 30.h4 Rf8 31.Nxe7+ Rxe7 32.hxg5 hxg5 33.Kg2 Rf5 34.Rf1 Ref7 
35.Rxf5 Rxf5 36.Be3 Kf7 37.Rg3 Kg6 38.Rh3 c5 39.dxc5 d4 40.Bd2 Nxc5 41.b4 
Ne6 42.Rh8 Rxe5 43.Kf3 Rf5+ 44.Ke4 Rf2 45.Bc1 Rf1 46.Bd2 Rf2 47.Bc1 Rf1 
1/2-1/2

[Event "East European zonal 3 (w)"]
[Site "Balatonfoldvar HUN"]
[Date "1987.??.??"]
[Round "7"]
[White "Savova, Stefka"]
[Black "Angelova, Pavlina"]
[Result "1/2-1/2"]
[WhiteElo "2245"]
[BlackElo "2245"]
[EventDate "1987.02.19"]
[PlyCount "31"]

1.e4 c6 2.d4 d5 3.exd5 cxd5 4.Bd3 Nf6 5.c3 Nc6 6.Bf4 g6 7.Qc2 Bg7 8.Nf3 
O-O 9.Nbd2 Bg4 10.h3 Bxf3 11.Nxf3 Nh5 12.Bh2 Bh6 13.O-O Bf4 14.Rfe1 Bxh2+ 
15.Kxh2 Rc8 16.Qd2 1/2-1/2

[Event "East European zonal 3 (w)"]
[Site "Balatonfoldvar HUN"]
[Date "1987.??.??"]
[Round "7"]
[White "Grosch, Maria"]
[Black "Stanciu, Gabriela"]
[Result "1/2-1/2"]
[WhiteElo "2220"]
[BlackElo "2245"]
[EventDate "1987.02.19"]
[PlyCount "60"]

1.d4 d5 2.Nf3 e6 3.c4 c6 4.g3 Nf6 5.Bg2 Bd6 6.Qc2 Nbd7 7.O-O O-O 8.Rd1 Qe7
9.Nc3 dxc4 10.Nd2 e5 11.Nxc4 Bc7 12.d5 cxd5 13.Nxd5 Nxd5 14.Bxd5 Nb6 15.
Nxb6 Bxb6 16.Qe4 Kh8 17.Be3 f5 18.Qd3 Bxe3 19.Qxe3 f4 20.gxf4 Rxf4 21.Bg2 
Bg4 22.Rd5 Re8 23.Rad1 h6 24.Rb5 b6 25.Bc6 Ref8 26.Rxe5 Qf6 27.Re8 Qxc6 
28.Qxf4 Rxe8 29.Qxg4 Qe6 30.Qd4 Qxa2 1/2-1/2

[Event "East European zonal 3 (w)"]
[Site "Balatonfoldvar HUN"]
[Date "1987.??.??"]
[Round "7"]
[White "Ciprianova-Kubikova, Hana"]
[Black "Wiese-Jozwiak, Malgorzata"]
[Result "1-0"]
[WhiteElo "2145"]
[BlackElo "2290"]
[EventDate "1987.02.19"]
[PlyCount "58"]

1.e4 c5 2.Nf3 d6 3.d4 cxd4 4.Nxd4 Nf6 5.Nc3 a6 6.Bg5 e6 7.Qd2 Be7 8.f3 Qc7
9.O-O-O Nbd7 10.h4 b5 11.g4 b4 12.Nce2 Bb7 13.Be3 Ne5 14.Ng3 d5 15.g5 Nfd7
16.Nh5 Rg8 17.f4 Nc4 18.Bxc4 dxc4 19.f5 e5 20.f6 gxf6 21.Nf5 Rd8 22.Nxe7 
c3 23.Nxf6+ Kxe7 24.Nxg8+ Rxg8 25.Qf2 Bxe4 26.Rhf1 Bg6 27.Rd5 Rc8 28.b3 
Ke8 29.Rdd1 Rd8 1-0

[Event "East European zonal 3 (w)"]
[Site "Balatonfoldvar HUN"]
[Date "1987.??.??"]
[Round "7"]
[White "Muresan, Margareta"]
[Black "Porubszky, Maria"]
[Result "1-0"]
[WhiteElo "2310"]
[BlackElo "2240"]
[EventDate "1987.02.19"]
[PlyCount "81"]

1.Nf3 Nf6 2.c4 g6 3.g3 Bg7 4.Bg2 d6 5.O-O O-O 6.d4 Nbd7 7.Nc3 e5 8.e4 c6 
9.h3 Re8 10.Re1 exd4 11.Nxd4 Nc5 12.Bf4 Nh5 13.Be3 Nf6 14.Qc2 Qc7 15.Rad1 
Ne6 16.Nde2 Bd7 17.Rd2 Rad8 18.Red1 Bc8 19.Qa4 b6 20.b4 a6 21.Qb3 Bb7 22.
a4 Bf8 23.Nf4 h6 24.Nxe6 fxe6 25.f4 Kh7 26.c5 bxc5 27.bxc5 d5 28.exd5 cxd5
29.Kh2 Nd7 30.Rb1 Rb8 31.Qc2 Bxc5 32.Ne2 Qd6 33.Nd4 Bb4 34.f5 gxf5 35.Nxf5
exf5 36.Qxf5+ Kh8 37.Bd4+ Ne5 38.Rxb4 Qxb4 39.Bxe5+ Rxe5 40.Qxe5+ Kh7 41.
Qxb8 1-0

[Event "East European zonal 3 (w)"]
[Site "Balatonfoldvar HUN"]
[Date "1987.??.??"]
[Round "8"]
[White "Angelova, Pavlina"]
[Black "Muresan, Margareta"]
[Result "1/2-1/2"]
[WhiteElo "2245"]
[BlackElo "2310"]
[EventDate "1987.02.19"]
[PlyCount "52"]

1.d4 Nf6 2.Nf3 b6 3.g3 Bb7 4.Bg2 c5 5.c4 cxd4 6.Qxd4 g6 7.Nc3 Bg7 8.Bg5 h6
9.Bf4 Nc6 10.Qd1 Na5 11.b3 Ne4 12.Nxe4 Bxe4 13.O-O O-O 14.Rc1 Rc8 15.Ne1 
Bxg2 16.Nxg2 Nc6 17.Qd2 Kh7 18.Rfd1 d6 19.Be3 Qc7 20.Nf4 Qb7 21.Nd5 Rfd8 
22.Nc3 Qd7 23.Qd5 Qf5 24.Qxf5 gxf5 25.Nb5 Kg6 26.Nc3 Bxc3 1/2-1/2